000 00793nam a22002537a 4500
003 UA-OsUOA
001 27988
007 ta
008 20040917b un ||||| |||| 00| 0 ukr d
100 _aДиденко А.Н.
090 _a94(477)09
_bД44
942 _cBK
040 _aUA-OsUOA
_brus
_cUA-OsUOA
_dUA-OsUOA
245 _aБитва за Украину в Великой Отечественной Войне 1941-1945 гг
_bОчерки военных дейстивй на Украине с 22 июня 1941 года по 27 октября 1944 года
300 _a546 с.
955 _a0
041 _arus
080 _a94(477)09
020 _a966-7108-55-4
260 _aЗапорожье
_bМотор Сич
_c2003
044 _aUA
650 7 _2UDC
999 _c314341
_d314341